"F" Antonyms - Statistics

General Stats
  • This quiz has been taken 185 times
  • The average score is 17 of 20
Answer Stats
Word F Antonyms % Correct
True False / Fake / Fiction
100%
Slow Fast
99%
Rise Fall
97%
Last First
97%
Remember Forget
97%
Ceiling Floor
96%
Many Few
94%
Thin Fat
93%
Back Front
93%
Lost Found
92%
Smile Frown
90%
Trap Free
84%
Sink Float
79%
Stale Fresh
74%
Boil Freeze
71%
Break Fix
70%
Strong Feeble / Frail
68%
Courage Fear / Fright
64%
Wise Foolish
55%
Unknown Famous
52%
No matching quizzes found
Score Distribution
Percent of People with Each Score
Percentile by Number Answered
Your Score History
You have not taken this quiz